Presentación del lenguaje
Saved in:
| Hovedforfatter: | |
|---|---|
| Format: | Bog |
| Sprog: | spansk |
| Udgivet: |
Madrid
Taurus
1972
|
| Serier: | Ensayistas, 89
|
| Fag: | |
| Tags: |
Tilføj Tag
Ingen Tags, Vær først til at tagge denne postø!
|
MARC
| LEADER | 00000nam a2200000 a 4500 | ||
|---|---|---|---|
| 001 | UCQ2390 | ||
| 003 | CL-VaPUC | ||
| 008 | 980724e19720000SP |||||||||||||||||spa|d | ||
| 082 | 0 | 4 | |a 401 |b GRA |2 21 |
| 100 | 0 | |a Gracia, Francisco |e author |9 416275 | |
| 245 | 1 | 0 | |a Presentación del lenguaje |
| 300 | |a 468 p | ||
| 942 | |c BK | ||
| 945 | |d 19980724 00:00:00 |a crobeson | ||
| 260 | |a Madrid |b Taurus |c 1972 | ||
| 650 | 0 | |a Lenguaje |9 265069 | |
| 650 | 7 | |a TEORIA LINGUISTICA |2 CL-VaPUC |9 334835 | |
| 650 | 0 | |a Lingüística |9 265068 | |
| 650 | 0 | |a Filosofía del lenguaje |9 257082 | |
| 650 | 0 | |a Filología |9 321245 | |
| 583 | |a last modification |c 19980724 00:00:00 |k Rodrigo Vera | ||
| 490 | 0 | |a Ensayistas, 89 | |
| 999 | |c 273217 |d 273215 | ||
| 952 | |0 0 |1 0 |4 0 |6 401_000000000000000_GRA_1972 |7 0 |8 A |9 308603 |a BIBEDU |b BIBEDU |d 2019-11-20 |i 1445065 |o 401 GRA 1972 |p 1445065 |r 2019-11-20 |w 2019-11-20 |y BK |k LIT | ||
| 952 | |0 0 |1 0 |4 0 |6 401_000000000000000_GRA_1972 |7 0 |8 A |9 308604 |a FDOPOS |b FDOPOS |d 2019-11-20 |i 4272374 |o 401 GRA 1972 |p 4272374 |r 2025-01-22 |w 2019-11-20 |y BK |k MLA | ||